[Event "Wroclaw op"]
[Site "Wroclaw"]
[Date "2018.07.31"]
[Round "3"]
[White "Orzechowski, Jacek"]
[Black "Strzelecki, Maciej"]
[Result "1/2-1/2"]
[WhiteElo "2109"]
[BlackElo "1911"]
[PlyCount "92"]
[EventDate "2018.07.30"]
[EventType "swiss"]
[EventRounds "9"]
[EventCountry "POL"]
[SourceTitle "CBM 185 Extra"]
[Source "ChessBase"]
[SourceDate "2018.07.29"]
[SourceVersion "1"]
[SourceVersionDate "2018.07.29"]
[SourceQuality "1"]

1. c4 e5 2. g3 Nc6 3. Bg2 Bc5 4. Nc3 Nf6 5. e3 d6 6. Nge2 a5 7. a3 0-0 8. 0-0 Ba7 9. h3 Be6 10. Nd5 Bxd5 11. cxd5 Ne7 12. e4 c6 13. dxc6 Nxc6 14. d3 Rc8 15. Nc3 Nd4 16. Kh1 b5 17. Bg5 h6 18. Bxf6 Qxf6 19. f4 Qe6 20. Nd5 Rc2 21. f5 Qd7 22. f6 g6 23. Rc1 Rxc1 24. Qxc1 Kh7 25. Ne7 Rb8 26. b4 a4 27. Qb2 Qe6 28. Nd5 Rc8 29. Rc1 Nb3 30. Rc2 Bd4 31. Qb1 Na1 32. Rc1 Nb3 33. Rc2 Na1 34. Rc1 Qd7 35. Ne7 Rc7 36. Nd5 Rc8 37. Qb2 Nb3 38. Rf1 Ba7 39. Rc1 Qe6 40. Rf1 Rb8 41. Kh2 Qd7 42. h4 Bd4 43. Qa2 Ra8 44. Bh3 Qd8 45. h5 gxh5 46. Bf5+ Kh8 1/2-1/2

[Event "POL-chT U20 2nd League"]
[Site "Szczyrk"]
[Date "2017.07.22"]
[Round "1.44"]
[White "Strzelecki, Maciej"]
[Black "Leskiewicz, Ignacy"]
[Result "1/2-1/2"]
[WhiteElo "1745"]
[BlackElo "1988"]
[PlyCount "168"]
[EventDate "2017.07.22"]
[EventType "team-swiss"]
[EventRounds "11"]
[EventCountry "POL"]
[SourceTitle "EXT 2019"]
[Source "ChessBase"]
[SourceDate "2018.10.10"]
[SourceVersion "1"]
[SourceVersionDate "2018.10.10"]
[SourceQuality "1"]

1. e4 c5 2. Nf3 d6 3. d4 cxd4 4. Nxd4 Nf6 5. Nc3 a6 6. h3 e6 7. g4 b5 8. Bg2 Bb7 9. 0-0 Nfd7 10. f4 Nb6 11. g5 Nc6 12. f5 Nxd4 13. Qxd4 e5 14. Qd3 Qc7 15. g6 hxg6 16. fxg6 f6 17. a3 0-0-0 18. Nd5 Nxd5 19. exd5 Rh4 20. Be4 Qc4 21. Qxc4+ bxc4 22. Bf5+ Kb8 23. Be6 Rd4 24. Be3 Bxd5 25. Bxd4 Bxe6 26. Bb6 Rc8 27. h4 f5 28. Rae1 Be7 29. h5 Rh8 30. Bd4 Rxh5 31. Bxe5 dxe5 32. Rxe5 Rg5+ 33. Kh1 Rxg6 34. Rfe1 Rh6+ 35. Kg1 Bh4 36. Rxe6 Bxe1 37. Rxe1 Rb6 38. Re8+ Ka7 39. Rc8 Rxb2 40. Rxc4 Kb6 41. Kf2 Rb5 42. Ke3 Re5+ 43. Kf3 Rc5 44. Rb4+ Kc7 45. Kf4 g6 46. Kg5 Rc6 47. Rd4 Rd6 48. Rb4 Kc6 49. a4 Kc5 50. c3 Kd5 51. a5 Rc6 52. Rb8 Ke5 53. Re8+ Re6 54. Rb8 Rc6 55. c4 Kd4 56. Rb4 Rc5 57. Kxg6 Rxa5 58. Kg5 Kc3 59. Rb6 Kxc4 60. Kf4 Kc5 61. Rf6 Kc4 62. Rb6 Kd3 63. Rd6+ Kc3 64. Rc6+ Kb4 65. Rb6+ Ka4 66. Rd6 Ka3 67. Rb6 Ka2 68. Rc6 Ka1 69. Rb6 Ra2 70. Kxf5 a5 71. Ke4 a4 72. Kd3 Rb2 73. Ra6 Rb4 74. Kc3 Rg4 75. Ra5 Ka2 76. Rd5 Rg2 77. Rd1 a3 78. Re1 Rb2 79. Re7 Ka1 80. Ra7 a2 81. Rh7 Rb1 82. Rh2 Rg1 83. Kb3 Rb1+ 84. Ka3 Re1 1/2-1/2

[Event "POL Olympiad U14"]
[Site "Drzonkow"]
[Date "2017.04.07"]
[Round "8"]
[White "Strzelecki, Maciej"]
[Black "Czechowski, Jakub"]
[Result "0-1"]
[WhiteElo "1683"]
[BlackElo "1817"]
[PlyCount "112"]
[EventDate "2017.04.02"]
[EventType "swiss"]
[EventRounds "9"]
[EventCountry "POL"]
[SourceTitle "EXT 2020"]
[Source "ChessBase"]
[SourceDate "2019.10.17"]
[SourceVersion "1"]
[SourceVersionDate "2019.10.17"]
[SourceQuality "1"]

1. e4 c5 2. Nf3 d6 3. d4 cxd4 4. Nxd4 Nf6 5. Nc3 a6 6. Be2 Nc6 7. Be3 e6 8. 0-0 Be7 9. f4 0-0 10. a4 Qc7 11. Bf3 Nxd4 12. Bxd4 e5 13. fxe5 dxe5 14. Be3 Be6 15. Qe1 Bc5 16. Qf2 Bxe3 17. Qxe3 Rfd8 18. Rfd1 h6 19. h3 Rac8 20. Kh1 Qc4 21. Qb6 Re8 22. Be2 Qc6 23. Rd6 Qxb6 24. Rxb6 Re7 25. Rd1 g6 26. Bf3 Rec7 27. Rd2 Kg7 28. Kg1 Bd7 29. Rbd6 Bc6 30. Kf2 b5 31. axb5 axb5 32. Ke3 h5 33. Bd1 b4 34. Nd5 Bxd5 35. exd5 Rc4 36. Rb6 Re4+ 37. Kf2 Rf4+ 38. Kg1 Ne4 39. Rd3 Nf2 40. Rd2 Nxd1 41. Rxd1 Rxc2 42. d6 Rff2 43. d7 Rxg2+ 44. Kh1 Rh2+ 45. Kg1 Rcg2+ 46. Kf1 Rh1+ 47. Kxg2 Rxd1 48. Rxb4 Rxd7 49. Rb8 f5 50. b4 Rd2+ 51. Kf1 Rb2 52. h4 f4 53. b5 Kf6 54. Rf8+ Ke6 55. Rg8 Kf5 56. Rf8+ Ke4 0-1

[Event "POL Olympiad U14"]
[Site "Drzonkow"]
[Date "2017.04.05"]
[Round "5"]
[White "Ossolinski, Ziemowit"]
[Black "Strzelecki, Maciej"]
[Result "0-1"]
[WhiteElo "1790"]
[BlackElo "1683"]
[PlyCount "88"]
[EventDate "2017.04.02"]
[EventType "swiss"]
[EventRounds "9"]
[EventCountry "POL"]
[SourceTitle "EXT 2020"]
[Source "ChessBase"]
[SourceDate "2019.10.17"]
[SourceVersion "1"]
[SourceVersionDate "2019.10.17"]
[SourceQuality "1"]

1. e4 c5 2. Nf3 d6 3. d4 cxd4 4. Nxd4 Nf6 5. f3 e5 6. Nb3 Be7 7. c4 a5 8. Be3 a4 9. Nc1 Qa5+ 10. Qd2 Nc6 11. Qxa5 Rxa5 12. Na3 0-0 13. Ne2 Be6 14. Nc3 Nd7 15. Be2 Nc5 16. Rd1 Nb4 17. 0-0 f5 18. exf5 Bxf5 19. Bxc5 dxc5 20. Nd5 Bg5 21. Nxb4 cxb4 22. Nb5 Be3+ 23. Kh1 b3 24. a3 Rxb5 25. cxb5 Rc8 26. Bd3 Bxd3 27. Rxd3 Bc1 28. Rd5 Bxb2 29. b6 Bxa3 30. Rb5 Rc1 31. Rxc1 Bxc1 32. Kg1 a3 33. Rxb3 a2 34. Kf2 a1Q 35. Rd3 Qa2+ 36. Kg3 Bf4+ 37. Kh3 Qe6+ 38. g4 Qh6+ 39. Kg2 Qxh2+ 40. Kf1 Bg3 41. Rd8+ Kf7 42. Rd7+ Ke6 43. Rd2 Qxd2 44. Kg1 Qf2+ 0-1

[Event "Warsaw Najdorf Memorial op-B 13th"]
[Site "Warsaw"]
[Date "2015.07.13"]
[Round "4"]
[White "Zlatin, Alexander"]
[Black "Strzelecki, Maciej"]
[Result "1-0"]
[WhiteElo "1992"]
[BlackElo "1571"]
[PlyCount "71"]
[EventDate "2015.07.10"]
[EventType "swiss"]
[EventRounds "9"]
[EventCountry "POL"]
[SourceTitle "CBM 167 Extra"]
[Source "ChessBase"]
[SourceDate "2015.09.14"]
[SourceVersion "1"]
[SourceVersionDate "2015.09.14"]
[SourceQuality "1"]

1. e4 c5 2. c3 Nf6 3. e5 Nd5 4. d4 cxd4 5. Nf3 Nc6 6. cxd4 d6 7. Bc4 Nb6 8. Bb5 dxe5 9. Nxe5 Bd7 10. Nxd7 Qxd7 11. Nc3 e6 12. 0-0 Be7 13. Qg4 0-0 14. Rd1 a6 15. Bxc6 bxc6 16. Bh6 Bf6 17. Ne4 Qe7 18. Rac1 Rac8 19. Bf4 Rfd8 20. Nxf6+ Qxf6 21. Be5 Qg6 22. Qe2 Nd5 23. Qxa6 Ra8 24. Qc4 Qf5 25. a3 Rac8 26. Qd3 Qg5 27. b4 Ne7 28. Qe3 Qf5 29. h3 f6 30. Bg3 Qd5 31. Rc5 Qd7 32. Qb3 Kh8 33. Re1 Qxd4 34. Qxe6 Ng6 35. Rxc6 Rxc6 36. Qe8+ 1-0

[Event "POL-ch U12"]
[Site "Suwalki"]
[Date "2015.04.14"]
[Round "9.13"]
[White "Dixa, Oskar"]
[Black "Strzelecki, Maciej"]
[Result "1/2-1/2"]
[WhiteElo "1501"]
[BlackElo "1549"]
[PlyCount "91"]
[EventDate "2015.04.08"]
[EventType "swiss"]
[EventRounds "9"]
[EventCountry "POL"]
[SourceTitle "EXT 2023"]
[Source "ChessBase"]
[SourceDate "2022.10.05"]
[SourceVersion "1"]
[SourceVersionDate "2022.10.05"]
[SourceQuality "1"]

1. e4 c5 2. Nf3 d6 3. d4 cxd4 4. Nxd4 Nf6 5. f3 a6 6. c4 e5 7. Nc2 Be6 8. Be3 Nbd7 9. Be2 Rc8 10. b3 Be7 11. 0-0 0-0 12. Qd2 Qc7 13. Rc1 Rfd8 14. Nc3 b5 15. Nd5 Bxd5 16. cxd5 Qb7 17. Nb4 Nb8 18. Rxc8 Rxc8 19. Rc1 Bd8 20. Rxc8 Qxc8 21. Qc1 Qxc1+ 22. Bxc1 Ba5 23. Nc2 Bb6+ 24. Be3 Nfd7 25. Kf2 Kf8 26. Bxb6 Nxb6 27. Ke3 Ke7 28. Kd3 f5 29. Ke3 fxe4 30. fxe4 N8d7 31. Kd2 Nc5 32. Bf3 Kd7 33. Kc3 Ke7 34. Ne1 Nbd7 35. Nd3 Nf6 36. Nxc5 dxc5 37. Kd3 Kd6 38. g4 g5 39. Ke3 h6 40. Be2 Kc7 41. h3 Ne8 42. a4 Kb6 43. axb5 axb5 44. Kd2 Nd6 45. Bf3 b4 46. Ke3 1/2-1/2

[Event "POL-ch U12"]
[Site "Suwalki"]
[Date "2015.04.12"]
[Round "7.6"]
[White "Strzelecki, Maciej"]
[Black "Bachor, Tomasz"]
[Result "1/2-1/2"]
[WhiteElo "1549"]
[BlackElo "1457"]
[PlyCount "89"]
[EventDate "2015.04.08"]
[EventType "swiss"]
[EventRounds "9"]
[EventCountry "POL"]
[SourceTitle "EXT 2023"]
[Source "ChessBase"]
[SourceDate "2022.10.05"]
[SourceVersion "1"]
[SourceVersionDate "2022.10.05"]
[SourceQuality "1"]

1. e4 c6 2. d4 d5 3. Nc3 dxe4 4. Nxe4 Bf5 5. Ng3 Bg6 6. Nh3 Nf6 7. c3 e6 8. Nf4 Bd6 9. Bc4 Nd5 10. Bxd5 cxd5 11. 0-0 0-0 12. Nxg6 hxg6 13. Re1 Nd7 14. Qf3 Qf6 15. Qxf6 Nxf6 16. Bg5 b5 17. a3 a5 18. Rec1 Rfc8 19. Bd2 Rab8 20. b3 Rb7 21. b4 a4 22. f3 Nd7 23. Ne2 Rbc7 24. Ra2 Nb6 25. Kf2 Nc4 26. Bf4 Kf8 27. Bxd6+ Nxd6 28. Rac2 g5 29. g4 Nc4 30. Ra2 Ke7 31. Ng1 f5 32. h3 Rh8 33. gxf5 exf5 34. Re1+ Kf6 35. Rae2 Nxa3 36. Re6+ Kf7 37. R6e5 Rxc3 38. Rxf5+ Kg6 39. Ree5 Rc2+ 40. Kg3 Rh5 41. Rxd5 Rb2 42. Rf8 Rxb4 43. Rd6+ Kh7 44. Rdd8 Kg6 45. Rd6+ 1/2-1/2

[Event "POL Olympiad U12"]
[Site "Spala"]
[Date "2014.12.30"]
[Round "3.6"]
[White "Dabrowski, Damian"]
[Black "Strzelecki, Maciej"]
[Result "0-1"]
[WhiteElo "1627"]
[BlackElo "1526"]
[PlyCount "120"]
[EventDate "2014.04.06"]
[EventType "swiss"]
[EventRounds "9"]
[EventCountry "POL"]
[SourceTitle "EXT 2023"]
[Source "ChessBase"]
[SourceDate "2022.10.05"]
[SourceVersion "1"]
[SourceVersionDate "2022.10.05"]
[SourceQuality "1"]

1. e4 c5 2. Nf3 e6 3. d4 cxd4 4. Nxd4 Nf6 5. Nc3 Nc6 6. Bg5 Be7 7. f4 d6 8. Ndb5 a6 9. Bxf6 gxf6 10. Na3 b5 11. Ne2 Qb6 12. Qd2 Bb7 13. Ng3 Rc8 14. Bd3 Na5 15. c3 d5 16. Nc2 dxe4 17. Bxe4 Nc4 18. Qc1 Bc5 19. b3 Nd6 20. Bxb7 Qxb7 21. Qd2 Ne4 22. Nxe4 Qxe4+ 23. Qe2 Qxf4 24. Rd1 Qe5 25. Qxe5 fxe5 26. b4 Be7 27. Rd3 Rg8 28. g3 e4 29. Re3 Bg5 30. Rxe4 Rxc3 31. Re2 Ke7 32. 0-0 Rd8 33. Ref2 f5 34. Re2 Rdc8 35. Rxf5 Rxc2 36. Rxc2 Be3+ 37. Kf1 Rxc2 38. Rh5 h6 39. Re5 Bg5 40. h4 Bf6 41. Rh5 Bg7 42. a4 e5 43. axb5 axb5 44. g4 Rc4 45. g5 hxg5 46. Rxg5 Bf6 47. Rg8 Rxh4 48. Rb8 Rxb4 49. Ke2 Rb3 50. Rb6 Kf7 51. Kd2 e4 52. Rc6 Kg6 53. Rc5 b4 54. Rb5 Rd3+ 55. Kc2 b3+ 56. Kc1 b2+ 57. Kc2 Rc3+ 58. Kd2 Rc1 59. Re5 Bxe5 60. Ke3 b1Q 0-1

[Event "POL Olympiad U12"]
[Site "Spala"]
[Date "2014.12.30"]
[Round "5.9"]
[White "Strzelecki, Maciej"]
[Black "Kokoszczynski, Jan"]
[Result "0-1"]
[WhiteElo "1526"]
[BlackElo "1715"]
[PlyCount "86"]
[EventDate "2014.04.06"]
[EventType "swiss"]
[EventRounds "9"]
[EventCountry "POL"]
[SourceTitle "EXT 2023"]
[Source "ChessBase"]
[SourceDate "2022.10.05"]
[SourceVersion "1"]
[SourceVersionDate "2022.10.05"]
[SourceQuality "1"]

1. e4 e6 2. d4 d5 3. Nc3 Bb4 4. e5 c5 5. a3 Bxc3+ 6. bxc3 Qa5 7. Bd2 Qa4 8. Rb1 c4 9. Qc1 Nc6 10. f4 Nge7 11. Nf3 b6 12. g4 Bd7 13. Bg2 0-0-0 14. 0-0 Rdf8 15. Be1 f6 16. Bg3 h5 17. h3 Be8 18. exf6 gxf6 19. Re1 Bf7 20. Bh4 hxg4 21. hxg4 Bg8 22. g5 Nf5 23. Bf2 Nd8 24. gxf6 Rxf6 25. Ne5 Qe8 26. Qd1 Bf7 27. a4 Bh5 28. Qd2 Nb7 29. Kf1 Rg8 30. Nf3 Rxg2 31. Kxg2 Bxf3+ 32. Kxf3 Qh5+ 33. Kg2 Rg6+ 34. Kf1 Qh1+ 35. Ke2 Qh5+ 36. Kf1 Nbd6 37. Rb4 Qh3+ 38. Ke2 Ne4 39. Qc1 Qh5+ 40. Kf1 Qh3+ 41. Ke2 Qg4+ 42. Kf1 Qg2+ 43. Ke2 Qxf2+ 0-1

[Event "Polanica Zdroj op-D 48th"]
[Site "Polanica Zdroj"]
[Date "2012.08.22"]
[Round "5"]
[White "Kowalski, Roman"]
[Black "Strzelecki, Maciej"]
[Result "1-0"]
[WhiteElo "1599"]
[BlackElo "1328"]
[PlyCount "67"]
[EventDate "2012.08.18"]
[EventType "swiss"]
[EventRounds "9"]
[EventCountry "POL"]
[SourceTitle "EXT 2014"]
[Source "ChessBase"]
[SourceDate "2013.11.20"]
[SourceVersion "1"]
[SourceVersionDate "2013.11.20"]
[SourceQuality "1"]

1. e4 c5 2. f4 d5 3. e5 Nc6 4. Nf3 Bf5 5. c3 e6 6. a3 Qb6 7. d4 c4 8. Nbd2 Nge7 9. Nh4 h6 10. Nxf5 Nxf5 11. Nf3 Na5 12. g4 Ne7 13. Nd2 Nec6 14. Be2 Be7 15. 0-0 0-0 16. Kh1 Qc7 17. f5 Bg5 18. f6 g6 19. Qe1 Kh7 20. Bd1 Rh8 21. Bc2 Kg8 22. h4 Bxd2 23. Bxd2 Nb3 24. Bxb3 cxb3 25. Rg1 Na5 26. Qc1 h5 27. Bh6 Kh7 28. Bg7 Kg8 29. Bxh8 Kf8 30. Qh6+ Ke8 31. Qg7 Kd7 32. Qxf7+ Kc6 33. Qxc7+ Kxc7 34. Bg7 1-0